| 000 | 00381nam a2200157Ia 4500 | ||
|---|---|---|---|
| 008 | 220923s9999 xx 000 0 und d | ||
| 020 | _a978-81-8038-916-0 | ||
| 082 | _bVEN | ||
| 100 | _aVENKATACHALIAH, M.N. | ||
| 245 | 4 | _aTHE CODE OF CRIMINAL PROCEDURE | |
| 250 | _a19TH | ||
| 260 |
_bLEXIS NEXIS, GURGAON _c2013 |
||
| 300 | _a2374 | ||
| 650 | _aCriminal Law | ||
| 942 | _cBK | ||
| 999 |
_c195234 _d195234 |
||